00508nam a2200205Ia 4500003000400000005001700004008004100021020002200062040000700084041000800091082002100099100002700120245004000147250000600187260004300193300001600236365001300252650001400265650002300279OSt20230623095115.0210423s2014 xx 000 0 und d a978-81-224-2005-0 cAL aeng a541.3223b NEGT aNEGI (A S);ANAND (S C) aTextbook of physical chemistry Ed 2 a2 aNew DelhibNew Age Internationalc2014 axix,986bPB b475cINR aChemistry aPhysical Chemistry